[Event "European Youth Chess Championship G18"]
[Site "Prague, Top Hotel Prague"]
[Date "2012.08.23"]
[Round "7.2"]
[White "Imeeva, Aisa"]
[Black "Aranaz Murillo, Amalia"]
[Result "0-1"]
[WhiteElo "2095"]
[BlackElo "2237"]
[PlyCount "0"]
[EventDate "2012.08.17"]

1. e4 {[%clk 1:30:54]} e6 {[%clk 1:30:44]} 2. d4 {[%clk 1:31:18]} d5
{[%clk 1:31:09]} 3. Nc3 {[%clk 1:31:36]} Nf6 {[%clk 1:31:30]} 4. Bg5
{[%clk 1:31:58]} Bb4 {[%clk 1:31:46]} 5. e5 {[%clk 1:32:15]} h6 {[%clk 1:31:57]}
6. Bd2 {[%clk 1:32:37]} Bxc3 {[%clk 1:32:16]} 7. bxc3 {[%clk 1:33:00]} Ne4
{[%clk 1:32:41]} 8. Qg4 {[%clk 1:33:20]} Kf8 {[%clk 1:32:53]} 9. Qf4
{[%clk 1:33:30]} Nxd2 {[%clk 1:33:12]} 10. Qxd2 {[%clk 1:33:52]} c5
{[%clk 1:33:20]} 11. f4 {[%clk 1:34:04]} Qa5 {[%clk 1:29:35]} 12. Nf3
{[%clk 1:29:57]} Nd7 {[%clk 1:28:29]} 13. Bd3 {[%clk 1:29:14]} c4
{[%clk 1:27:04]} 14. Be2 {[%clk 1:29:37]} Nb6 {[%clk 1:26:33]} 15. Rb1
{[%clk 1:23:57]} Qa3 {[%clk 1:23:55]} 16. Qe3 {[%clk 1:21:56]} Na4
{[%clk 1:16:24]} 17. Kd2 {[%clk 1:21:43]} Rb8 {[%clk 1:16:02]} 18. g4
{[%clk 1:15:42]} b5 {[%clk 1:14:45]} 19. Nh4 {[%clk 1:12:29]} Qe7
{[%clk 1:00:06]} 20. Qg3 {[%clk 1:11:14]} a5 {[%clk 0:57:57]} 21. f5
{[%clk 1:09:46]} Qg5+ {[%clk 0:57:35]} 22. Ke1 {[%clk 1:06:34]} Nxc3
{[%clk 0:51:09]} 23. Qxc3 {[%clk 1:06:24]} Qxh4+ {[%clk 0:51:34]} 24. Kd1
{[%clk 1:05:32]} b4 {[%clk 0:51:06]} 25. Qf3 {[%clk 1:05:47]} h5 {[%clk 0:42:59]}
26. f6 {[%clk 0:53:37]} gxf6 {[%clk 0:36:47]} 27. exf6 {[%clk 0:53:39]} Qxg4
{[%clk 0:36:13]} 28. Qf2 {[%clk 0:48:56]} Qe4 {[%clk 0:32:58]} 29. Re1
{[%clk 0:48:27]} b3 {[%clk 0:28:27]} 30. axb3 {[%clk 0:48:28]} cxb3
{[%clk 0:28:24]} 31. Rb2 {[%clk 0:37:02]} bxc2+ {[%clk 0:26:36]} 32. Rxc2
{[%clk 0:37:30]} Bd7 {[%clk 0:25:04]} 33. Kd2 {[%clk 0:34:59]} Rg8
{[%clk 0:20:13]} 34. Bf1 {[%clk 0:22:05]} Qg6 {[%clk 0:19:20]} 35. Rec1
{[%clk 0:14:59]} Qg5+ {[%clk 0:18:19]} 36. Ke1 {[%clk 0:12:19]} Rg6
{[%clk 0:17:42]} 37. Qf3 {[%clk 0:11:42]} Rxf6 {[%clk 0:17:26]} 38. Qa3+
{[%clk 0:11:54]} Rb4 {[%clk 0:16:15]} 39. Rg2 {[%clk 0:04:10]} Qh4+
{[%clk 0:15:26]} 40. Rg3 {[%clk 0:34:33]} Qxh2 {[%clk 0:44:50]} 41. Qe3
{[%clk 0:34:29]} Qh1 {[%clk 0:41:31]} 42. Qd3 {[%clk 0:31:51]} Qe4+
{[%clk 0:40:55]} 0-1

[Event "European Youth Chess Championship G18"]
[Site "Prague, Top Hotel Prague"]
[Date "2012.08.23"]
[Round "7.3"]
[White "Sviridova, Vlada"]
[Black "Wisniowska, Klaudia"]
[Result "1/2-1/2"]
[WhiteElo "2132"]
[BlackElo "2181"]
[PlyCount "0"]
[EventDate "2012.08.17"]

1. e4 {[%clk 1:30:58]} c5 {[%clk 1:30:28]} 2. Nf3 {[%clk 1:31:25]} d6
{[%clk 1:30:52]} 3. d4 {[%clk 1:31:49]} cxd4 {[%clk 1:31:15]} 4. Nxd4
{[%clk 1:32:16]} Nf6 {[%clk 1:31:39]} 5. Nc3 {[%clk 1:32:43]} Nc6
{[%clk 1:30:27]} 6. Be2 {[%clk 1:32:58]} g6 {[%clk 1:30:08]} 7. Be3
{[%clk 1:33:09]} Bg7 {[%clk 1:30:00]} 8. O-O {[%clk 1:31:40]} O-O
{[%clk 1:30:24]} 9. Qd2 {[%clk 1:25:57]} Bd7 {[%clk 1:29:12]} 10. f3
{[%clk 1:24:47]} a6 {[%clk 1:29:14]} 11. a4 {[%clk 1:22:12]} Rc8 {[%clk 1:29:08]}
12. Nxc6 {[%clk 1:20:32]} Bxc6 {[%clk 1:28:57]} 13. Nd5 {[%clk 1:14:54]} Bxd5
{[%clk 1:26:42]} 14. exd5 {[%clk 1:15:19]} Nd7 {[%clk 1:24:58]} 15. c4
{[%clk 1:03:04]} Nc5 {[%clk 1:25:02]} 16. Ra3 {[%clk 1:02:45]} a5
{[%clk 1:20:20]} 17. b4 {[%clk 1:00:38]} axb4 {[%clk 1:19:01]} 18. Qxb4
{[%clk 1:01:03]} Rc7 {[%clk 1:15:36]} 19. Qd2 {[%clk 0:59:54]} Qd7
{[%clk 1:12:23]} 20. Bh6 {[%clk 0:58:43]} Qf5 {[%clk 1:04:43]} 21. Bxg7
{[%clk 0:58:20]} Kxg7 {[%clk 1:05:00]} 22. g4 {[%clk 0:57:24]} Qd7
{[%clk 1:02:57]} 23. f4 {[%clk 0:56:31]} f6 {[%clk 0:53:23]} 24. f5
{[%clk 0:48:32]} g5 {[%clk 0:51:29]} 25. a5 {[%clk 0:41:14]} Rcc8
{[%clk 0:48:37]} 26. Kg2 {[%clk 0:31:03]} Qc7 {[%clk 0:47:48]} 27. Rfa1
{[%clk 0:29:52]} Ra8 {[%clk 0:46:14]} 28. h4 {[%clk 0:29:54]} h6 {[%clk 0:45:59]}
29. Rh3 {[%clk 0:28:08]} Rh8 {[%clk 0:46:16]} 30. Qe3 {[%clk 0:27:36]} Rae8
{[%clk 0:40:07]} 31. Qc3 {[%clk 0:24:08]} Nd7 {[%clk 0:37:59]} 32. Qb4
{[%clk 0:18:36]} Rb8 {[%clk 0:36:42]} 33. Qb5 {[%clk 0:17:57]} Nc5
{[%clk 0:35:41]} 34. Qb2 {[%clk 0:14:04]} Nd7 {[%clk 0:33:45]} 35. Qb5
{[%clk 0:14:20]} Nc5 {[%clk 0:33:42]} 36. Qb2 {[%clk 0:14:36]} Ra8
{[%clk 0:32:52]} 37. Qc3 {[%clk 0:14:14]} Nd7 {[%clk 0:31:57]} 38. Qb4
{[%clk 0:11:25]} Nc5 {[%clk 0:32:07]} 39. Qc3 {[%clk 0:11:29]} Nd7
{[%clk 0:28:52]} 40. Qb4 {[%clk 0:41:50]} Nc5 {[%clk 0:58:54]} 41. Qc3
{[%clk 0:42:07]} Nd7 {[%clk 0:57:43]} 1/2-1/2

[Event "European Youth Chess Championship G18"]
[Site "Prague, Top Hotel Prague"]
[Date "2012.08.23"]
[Round "7.5"]
[White "Petrukhina, Irina"]
[Black "Grigoryeva, Olga A"]
[Result "0-1"]
[WhiteElo "2212"]
[BlackElo "2190"]
[PlyCount "0"]
[EventDate "2012.08.17"]

1. d4 {[%clk 1:30:57]} Nf6 {[%clk 1:30:55]} 2. c4 {[%clk 1:31:15]} c5
{[%clk 1:31:20]} 3. d5 {[%clk 1:31:37]} b5 {[%clk 1:31:43]} 4. cxb5
{[%clk 1:31:54]} a6 {[%clk 1:32:08]} 5. e3 {[%clk 1:32:04]} axb5 {[%clk 1:31:19]}
6. Bxb5 {[%clk 1:32:20]} Ba6 {[%clk 1:30:31]} 7. Bxa6 {[%clk 1:23:43]} Nxa6
{[%clk 1:30:44]} 8. Nc3 {[%clk 1:19:25]} d6 {[%clk 1:23:43]} 9. Nf3
{[%clk 1:08:39]} g6 {[%clk 1:22:41]} 10. O-O {[%clk 1:07:20]} Bg7
{[%clk 1:22:37]} 11. Nd2 {[%clk 1:07:18]} O-O {[%clk 1:20:18]} 12. Nc4
{[%clk 1:06:03]} Nd7 {[%clk 1:18:12]} 13. Bd2 {[%clk 0:55:43]} Nb6
{[%clk 1:13:15]} 14. b3 {[%clk 0:48:37]} Nb4 {[%clk 1:07:48]} 15. Nxb6
{[%clk 0:45:24]} Qxb6 {[%clk 1:08:10]} 16. a3 {[%clk 0:45:32]} Na6
{[%clk 1:06:41]} 17. Rb1 {[%clk 0:39:46]} Nc7 {[%clk 1:05:39]} 18. a4
{[%clk 0:37:15]} Qb7 {[%clk 1:01:43]} 19. e4 {[%clk 0:36:35]} f5 {[%clk 0:56:04]}
20. f3 {[%clk 0:31:39]} Rae8 {[%clk 0:34:22]} 21. Qc2 {[%clk 0:22:45]} Kh8
{[%clk 0:27:31]} 22. Kh1 {[%clk 0:17:20]} fxe4 {[%clk 0:26:04]} 23. fxe4
{[%clk 0:16:53]} Qa6 {[%clk 0:26:11]} 24. Rf3 {[%clk 0:11:38]} Rxf3
{[%clk 0:25:45]} 25. gxf3 {[%clk 0:12:08]} Rf8 {[%clk 0:25:27]} 26. Kg2
{[%clk 0:12:21]} Be5 {[%clk 0:17:54]} 27. b4 {[%clk 0:10:40]} cxb4
{[%clk 0:17:01]} 28. Rxb4 {[%clk 0:10:59]} Rc8 {[%clk 0:14:22]} 29. Qb1
{[%clk 0:09:51]} Ne8 {[%clk 0:13:28]} 30. Rb8 {[%clk 0:08:46]} Kg7
{[%clk 0:11:38]} 31. Rb6 {[%clk 0:05:24]} Qc4 {[%clk 0:11:36]} 32. Rb4
{[%clk 0:05:16]} Qc5 {[%clk 0:11:27]} 33. Ne2 {[%clk 0:02:45]} Qc2
{[%clk 0:07:46]} 34. Qe1 {[%clk 0:03:13]} Qd3 {[%clk 0:07:03]} 35. Nc1
{[%clk 0:02:48]} Qa3 {[%clk 0:06:17]} 36. Nb3 {[%clk 0:01:59]} Rc2
{[%clk 0:05:29]} 37. Rb8 {[%clk 0:01:17]} Nc7 {[%clk 0:03:25]} 38. Qe3
{[%clk 0:01:29]} Kf7 {[%clk 0:01:37]} 39. Kh3 {[%clk 0:01:14]} Qb2
{[%clk 0:00:54]} 40. Rb7 {[%clk 0:31:02]} Ne8 {[%clk 0:30:43]} 41. a5
{[%clk 0:11:54]} Rc3 {[%clk 0:22:59]} 42. Nd4 {[%clk 0:03:01]} Rxe3
{[%clk 0:21:56]} 43. Rxb2 {[%clk 0:03:24]} Rd3 {[%clk 0:22:09]} 44. a6
{[%clk 0:01:00]} Bxd4 {[%clk 0:22:06]} 45. Ra2 {[%clk 0:01:08]} Rxf3+
{[%clk 0:21:04]} 46. Kg4 {[%clk 0:01:32]} Rf2 {[%clk 0:21:03]} 47. Kg3
{[%clk 0:01:22]} Be3 {[%clk 0:19:44]} 48. Rc2 {[%clk 0:01:36]} Rxd2
{[%clk 0:15:28]} 49. a7 {[%clk 0:01:58]} Nc7 {[%clk 0:15:51]} 50. Rxc7
{[%clk 0:02:22]} Ra2 {[%clk 0:16:18]} 0-1

[Event "European Youth Chess Championship G18"]
[Site "Prague, Top Hotel Prague"]
[Date "2012.08.23"]
[Round "7.7"]
[White "Lach, Aleksandra"]
[Black "Shvayger, Yuliya"]
[Result "1-0"]
[WhiteElo "2157"]
[BlackElo "2202"]
[PlyCount "0"]
[EventDate "2012.08.17"]

1. e4 {[%clk 1:30:53]} c5 {[%clk 1:30:59]} 2. Nf3 {[%clk 1:31:16]} d6
{[%clk 1:31:26]} 3. d4 {[%clk 1:31:34]} cxd4 {[%clk 1:31:54]} 4. Nxd4
{[%clk 1:31:57]} Nf6 {[%clk 1:32:21]} 5. Nc3 {[%clk 1:32:11]} a6 {[%clk 1:32:49]}
6. Bg5 {[%clk 1:32:18]} e6 {[%clk 1:33:18]} 7. f4 {[%clk 1:32:41]} h6
{[%clk 1:33:44]} 8. Bh4 {[%clk 1:33:07]} Qb6 {[%clk 1:34:10]} 9. a3
{[%clk 1:33:14]} Nbd7 {[%clk 1:34:00]} 10. Bf2 {[%clk 1:32:23]} Qc7
{[%clk 1:31:24]} 11. Qf3 {[%clk 1:31:26]} g5 {[%clk 1:21:40]} 12. g3
{[%clk 1:19:02]} b5 {[%clk 1:12:05]} 13. Bd3 {[%clk 1:07:30]} Bb7
{[%clk 1:10:26]} 14. O-O-O {[%clk 1:04:02]} Be7 {[%clk 1:04:31]} 15. Rhe1
{[%clk 0:59:22]} Nc5 {[%clk 0:49:42]} 16. Qe2 {[%clk 0:45:58]} Nfd7
{[%clk 0:30:56]} 17. Kb1 {[%clk 0:32:00]} Nb6 {[%clk 0:17:23]} 18. Qh5
{[%clk 0:23:53]} Nba4 {[%clk 0:07:03]} 19. Nxa4 {[%clk 0:14:50]} bxa4
{[%clk 0:07:31]} 20. f5 {[%clk 0:15:19]} e5 {[%clk 0:02:51]} 21. Ne6
{[%clk 0:15:08]} Nxe6 {[%clk 0:03:20]} 22. fxe6 {[%clk 0:15:37]} O-O-O
{[%clk 0:01:48]} 23. exf7 {[%clk 0:15:21]} Kb8 {[%clk 0:02:16]} 24. Qe2
{[%clk 0:13:52]} Rc8 {[%clk 0:01:55]} 25. Rd2 {[%clk 0:11:08]} Rhf8
{[%clk 0:02:17]} 26. Bxa6 {[%clk 0:10:50]} Rxf7 {[%clk 0:02:24]} 27. Bxb7
{[%clk 0:10:55]} Qxb7 {[%clk 0:02:43]} 28. Rd5 {[%clk 0:11:23]} Kc7
{[%clk 0:02:15]} 29. Rb5 {[%clk 0:08:41]} Qc6 {[%clk 0:02:36]} 30. Rb6
{[%clk 0:08:33]} Qe8 {[%clk 0:01:58]} 31. Qa6 {[%clk 0:06:23]} Kd7
{[%clk 0:01:58]} 32. Qxa4+ {[%clk 0:02:57]} Ke6 {[%clk 0:02:28]} 33. Qb3+
{[%clk 0:03:27]} Kf6 {[%clk 0:02:55]} 34. Be3 {[%clk 0:03:44]} Kg7
{[%clk 0:03:01]} 35. Qd3 {[%clk 0:02:37]} Qd7 {[%clk 0:01:45]} 36. h4
{[%clk 0:01:48]} Rf3 {[%clk 0:01:36]} 37. hxg5 {[%clk 0:01:29]} hxg5
{[%clk 0:01:46]} 38. Qd2 {[%clk 0:01:32]} Rxg3 {[%clk 0:01:19]} 39. Qf2
{[%clk 0:02:00]} Rh3 {[%clk 0:01:30]} 40. Qg2 {[%clk 0:31:45]} g4
{[%clk 0:31:10]} 41. Rb7 {[%clk 0:30:34]} Qxb7 {[%clk 0:27:57]} 42. Qxg4+
{[%clk 0:31:00]} 1-0

[Event "European Youth Chess Championship G18"]
[Site "Prague, Top Hotel Prague"]
[Date "2012.08.23"]
[Round "7.8"]
[White "Froewis, Annika"]
[Black "Efroimski, Marsel"]
[Result "0-1"]
[WhiteElo "2000"]
[BlackElo "2174"]
[PlyCount "0"]
[EventDate "2012.08.17"]

1. e4 {[%clk 1:30:58]} c5 {[%clk 1:30:58]} 2. Nf3 {[%clk 1:31:24]} d6
{[%clk 1:31:25]} 3. d4 {[%clk 1:31:49]} cxd4 {[%clk 1:31:51]} 4. Nxd4
{[%clk 1:32:16]} Nf6 {[%clk 1:32:18]} 5. Nc3 {[%clk 1:32:42]} Nc6
{[%clk 1:32:45]} 6. Be3 {[%clk 1:32:56]} Ng4 {[%clk 1:27:11]} 7. Bc1
{[%clk 1:27:05]} Qb6 {[%clk 1:25:34]} 8. Bb5 {[%clk 1:21:58]} Bd7
{[%clk 1:20:36]} 9. Be3 {[%clk 1:02:24]} Nxe3 {[%clk 1:18:30]} 10. fxe3
{[%clk 1:02:23]} g6 {[%clk 0:50:33]} 11. O-O {[%clk 0:52:01]} Bg7
{[%clk 0:48:37]} 12. Nd5 {[%clk 0:47:22]} Qd8 {[%clk 0:48:16]} 13. Bc4
{[%clk 0:41:57]} O-O {[%clk 0:46:52]} 14. Qd2 {[%clk 0:36:42]} e6
{[%clk 0:44:38]} 15. Nb4 {[%clk 0:30:35]} Nxd4 {[%clk 0:43:44]} 16. exd4
{[%clk 0:30:34]} a5 {[%clk 0:44:06]} 17. Nd3 {[%clk 0:30:24]} b5 {[%clk 0:44:29]}
18. Bxe6 {[%clk 0:24:20]} Bxd4+ {[%clk 0:42:37]} 19. Nf2 {[%clk 0:24:22]} Bxf2+
{[%clk 0:43:01]} 20. Rxf2 {[%clk 0:24:31]} Bxe6 {[%clk 0:43:22]} 21. Rd1
{[%clk 0:22:48]} Rc8 {[%clk 0:43:36]} 22. Qf4 {[%clk 0:20:03]} Qb6
{[%clk 0:43:16]} 23. Rxd6 {[%clk 0:18:30]} Qc5 {[%clk 0:41:14]} 24. h3
{[%clk 0:15:57]} Rcd8 {[%clk 0:41:15]} 25. Ra6 {[%clk 0:14:54]} a4
{[%clk 0:41:21]} 26. a3 {[%clk 0:13:28]} g5 {[%clk 0:39:20]} 27. Qc1
{[%clk 0:10:19]} Rd7 {[%clk 0:39:31]} 28. Rc6 {[%clk 0:06:20]} Qe5
{[%clk 0:39:53]} 29. Kh1 {[%clk 0:04:08]} Rfd8 {[%clk 0:40:06]} 30. Rf1
{[%clk 0:04:11]} Bxh3 {[%clk 0:40:04]} 31. Rc3 {[%clk 0:03:45]} Bg4
{[%clk 0:40:02]} 32. Rd3 {[%clk 0:03:19]} Rxd3 {[%clk 0:40:20]} 33. cxd3
{[%clk 0:03:47]} Rxd3 {[%clk 0:40:36]} 34. Qc2 {[%clk 0:03:21]} Qxe4
{[%clk 0:40:56]} 35. Qf2 {[%clk 0:03:31]} Be6 {[%clk 0:40:46]} 36. Qf6
{[%clk 0:02:23]} Qh4+ {[%clk 0:40:39]} 0-1

[Event "European Youth Chess Championship G18"]
[Site "Prague, Top Hotel Prague"]
[Date "2012.08.23"]
[Round "7.9"]
[White "Skrabakova, Katarina"]
[Black "Foisor, Mihaela-Veronica"]
[Result "0-1"]
[WhiteElo "1989"]
[BlackElo "2220"]
[PlyCount "0"]
[EventDate "2012.08.17"]

1. e4 {[%clk 1:30:58]} c5 {[%clk 1:30:54]} 2. Nc3 {[%clk 1:31:22]} a6
{[%clk 1:31:18]} 3. f4 {[%clk 1:31:46]} b5 {[%clk 1:30:58]} 4. Nf3
{[%clk 1:32:07]} Bb7 {[%clk 1:30:55]} 5. d3 {[%clk 1:32:29]} e6 {[%clk 1:24:51]}
6. g3 {[%clk 1:32:28]} d5 {[%clk 1:16:06]} 7. Bg2 {[%clk 1:30:17]} d4
{[%clk 1:02:53]} 8. Ne2 {[%clk 1:29:25]} Bd6 {[%clk 1:02:17]} 9. O-O
{[%clk 1:23:53]} Ne7 {[%clk 1:01:08]} 10. Qe1 {[%clk 1:15:16]} Nbc6
{[%clk 0:56:09]} 11. Bd2 {[%clk 1:12:18]} O-O {[%clk 0:53:29]} 12. g4
{[%clk 0:59:44]} f5 {[%clk 0:49:52]} 13. gxf5 {[%clk 0:56:56]} exf5
{[%clk 0:49:30]} 14. e5 {[%clk 0:51:10]} Bc7 {[%clk 0:44:01]} 15. Ng5
{[%clk 0:46:02]} Qc8 {[%clk 0:37:33]} 16. Ng3 {[%clk 0:39:52]} h6
{[%clk 0:37:04]} 17. Nf3 {[%clk 0:40:06]} Nd8 {[%clk 0:35:21]} 18. Nh5
{[%clk 0:37:51]} Ne6 {[%clk 0:31:59]} 19. Qg3 {[%clk 0:36:26]} Kh8
{[%clk 0:25:15]} 20. Kh1 {[%clk 0:29:46]} Qe8 {[%clk 0:20:04]} 21. Qh3
{[%clk 0:28:58]} Qg6 {[%clk 0:18:40]} 22. Rg1 {[%clk 0:23:19]} Qg4
{[%clk 0:17:46]} 23. Qxg4 {[%clk 0:23:43]} fxg4 {[%clk 0:18:12]} 24. Nh4
{[%clk 0:23:58]} Bxg2+ {[%clk 0:17:30]} 25. Rxg2 {[%clk 0:19:12]} g5
{[%clk 0:12:00]} 26. f5 {[%clk 0:12:42]} gxh4 {[%clk 0:09:25]} 27. fxe6
{[%clk 0:13:07]} Rf5 {[%clk 0:08:52]} 28. Nf6 {[%clk 0:10:22]} h5
{[%clk 0:06:01]} 29. Nd7 {[%clk 0:10:28]} h3 {[%clk 0:06:00]} 30. Re2
{[%clk 0:10:26]} Re8 {[%clk 0:03:31]} 31. Kg1 {[%clk 0:05:46]} Ng6
{[%clk 0:03:42]} 32. Rf1 {[%clk 0:02:50]} Rxf1+ {[%clk 0:03:51]} 33. Kxf1
{[%clk 0:03:19]} Rxe6 {[%clk 0:03:49]} 34. Bg5 {[%clk 0:03:13]} h4
{[%clk 0:01:38]} 35. Nxc5 {[%clk 0:03:13]} Re8 {[%clk 0:01:01]} 36. Bf6+
{[%clk 0:01:03]} Kh7 {[%clk 0:00:59]} 37. Ne4 {[%clk 0:01:09]} Bxe5
{[%clk 0:00:46]} 38. Bxe5 {[%clk 0:01:17]} Rxe5 {[%clk 0:01:05]} 39. Nf6+
{[%clk 0:01:39]} Kg7 {[%clk 0:01:07]} 40. Nxg4 {[%clk 0:32:01]} Rf5+
{[%clk 0:31:11]} 41. Nf2 {[%clk 0:30:06]} Ne5 {[%clk 0:28:04]} 42. Re4
{[%clk 0:27:18]} Nf3 {[%clk 0:27:35]} 43. Ke2 {[%clk 0:27:00]} Nxh2
{[%clk 0:26:53]} 44. Rxh4 {[%clk 0:26:31]} Nf3 {[%clk 0:11:51]} 45. Rg4+
{[%clk 0:25:42]} Kf6 {[%clk 0:10:10]} 46. Nxh3 {[%clk 0:25:46]} a5
{[%clk 0:07:45]} 47. Rf4 {[%clk 0:23:19]} Ng1+ {[%clk 0:07:24]} 48. Nxg1
{[%clk 0:22:42]} Rxf4 {[%clk 0:07:50]} 49. Nf3 {[%clk 0:23:08]} Ke6
{[%clk 0:07:58]} 50. c3 {[%clk 0:23:21]} dxc3 {[%clk 0:07:40]} 51. bxc3
{[%clk 0:23:46]} Kd5 {[%clk 0:05:29]} 52. Nd2 {[%clk 0:22:40]} Ra4
{[%clk 0:05:26]} 53. c4+ {[%clk 0:22:21]} bxc4 {[%clk 0:05:35]} 54. dxc4+
{[%clk 0:22:49]} Kd4 {[%clk 0:05:42]} 0-1

[Event "European Youth Chess Championship G18"]
[Site "Prague, Top Hotel Prague"]
[Date "2012.08.23"]
[Round "7.10"]
[White "Schulz, Anja"]
[Black "Vatkali, Dimitra"]
[Result "1-0"]
[WhiteElo "2108"]
[BlackElo "1936"]
[PlyCount "0"]
[EventDate "2012.08.17"]

1. e4 {[%clk 1:30:58]} c6 {[%clk 1:30:54]} 2. d4 {[%clk 1:31:23]} d5
{[%clk 1:31:21]} 3. Nc3 {[%clk 1:31:47]} dxe4 {[%clk 1:31:44]} 4. Nxe4
{[%clk 1:32:13]} Nd7 {[%clk 1:32:09]} 5. Bc4 {[%clk 1:32:18]} Ngf6
{[%clk 1:31:39]} 6. Nxf6+ {[%clk 1:32:30]} Nxf6 {[%clk 1:32:01]} 7. Nf3
{[%clk 1:32:44]} e6 {[%clk 1:28:54]} 8. O-O {[%clk 1:32:54]} Qc7 {[%clk 1:26:16]}
9. Qe2 {[%clk 1:31:39]} Bd6 {[%clk 1:21:46]} 10. Bg5 {[%clk 1:30:44]} Nd5
{[%clk 1:17:52]} 11. Bb3 {[%clk 1:25:35]} O-O {[%clk 1:04:01]} 12. Rad1
{[%clk 1:22:27]} b6 {[%clk 0:58:51]} 13. c4 {[%clk 1:14:24]} Ne7 {[%clk 0:38:38]}
14. Bc2 {[%clk 1:08:14]} Bb7 {[%clk 0:35:42]} 15. Qd3 {[%clk 1:04:18]} Ng6
{[%clk 0:34:25]} 16. h4 {[%clk 1:00:16]} Rfe8 {[%clk 0:33:14]} 17. h5
{[%clk 0:55:32]} Nf8 {[%clk 0:33:37]} 18. Qc3 {[%clk 0:50:34]} h6
{[%clk 0:30:39]} 19. Bh4 {[%clk 0:39:08]} c5 {[%clk 0:24:49]} 20. Rfe1
{[%clk 0:37:48]} a5 {[%clk 0:19:49]} 21. a3 {[%clk 0:37:19]} a4 {[%clk 0:20:06]}
22. dxc5 {[%clk 0:34:52]} Qxc5 {[%clk 0:18:59]} 23. Ne5 {[%clk 0:30:02]} Ra5
{[%clk 0:18:30]} 24. Bf6 {[%clk 0:24:51]} gxf6 {[%clk 0:09:48]} 25. Qg3+
{[%clk 0:24:34]} Ng6 {[%clk 0:09:53]} 26. hxg6 {[%clk 0:24:43]} fxe5
{[%clk 0:09:10]} 27. gxf7+ {[%clk 0:23:41]} Kxf7 {[%clk 0:09:27]} 28. Qg6+
{[%clk 0:23:27]} Ke7 {[%clk 0:09:32]} 29. Qg7+ {[%clk 0:23:14]} Kd8
{[%clk 0:09:57]} 30. Qxb7 {[%clk 0:23:04]} Re7 {[%clk 0:06:21]} 31. Qb8+
{[%clk 0:22:29]} Kd7 {[%clk 0:06:44]} 32. Rxd6+ {[%clk 0:21:41]} Qxd6
{[%clk 0:07:09]} 33. Rd1 {[%clk 0:22:07]} Qxd1+ {[%clk 0:06:36]} 34. Bxd1
{[%clk 0:22:33]} Kc6 {[%clk 0:06:30]} 35. Qc8+ {[%clk 0:21:56]} Rc7
{[%clk 0:05:47]} 36. Bf3+ {[%clk 0:22:14]} 1-0

[Event "European Youth Chess Championship G18"]
[Site "Prague, Top Hotel Prague"]
[Date "2012.08.23"]
[Round "7.11"]
[White "Neuhauser, Salome"]
[Black "Kabai, Zsuzsanna"]
[Result "0-1"]
[WhiteElo "2026"]
[BlackElo "2097"]
[PlyCount "58"]
[EventDate "2012.08.17"]

1. e4 c6 2. d4 d5 3. f3 dxe4 4. fxe4 e5 5. Nf3 Nd7 6. Bc4 Bd6 7. dxe5 Nxe5 8.
Nxe5 Qa5+ 9. Nc3 Qxe5 10. Rf1 Qxh2 11. Bxf7+ Ke7 12. Ne2 Nf6 13. Bf4 Bxf4 14.
Rxf4 g5 15. Rf1 Qh4+ 16. g3 Qxe4 17. Qd2 Kxf7 18. O-O-O Re8 19. Kb1 Qxe2 20.
Qxg5 Qe5 21. Qh6 Bf5 22. g4 Rad8 23. Rc1 Nxg4 24. Qxh7+ Kf6 25. Qh4+ Kg6 26.
Rce1 Qxe1+ 27. Rxe1 Rxe1+ 28. Qxe1 Nf2 29. Kc1 Bg4 0-1

[Event "European Youth Chess Championship G18"]
[Site "Prague, Top Hotel Prague"]
[Date "2012.08.23"]
[Round "7.12"]
[White "Dalemans, Diana"]
[Black "Galunova, Tsveta"]
[Result "1-0"]
[WhiteElo "1958"]
[BlackElo "2091"]
[PlyCount "79"]
[EventDate "2012.08.17"]

1. e4 Nf6 2. e5 Nd5 3. d4 d6 4. c4 Nb6 5. Nf3 g6 6. exd6 cxd6 7. Be2 Bg7 8. O-O
O-O 9. Be3 Nc6 10. h3 Bf5 11. Nc3 d5 12. c5 Nc4 13. Bf4 Nxb2 14. Qb3 Nc4 15.
Qxb7 N4a5 16. Qc7 Nxd4 17. Nxd4 Bxd4 18. Rac1 Rc8 19. Qxd8 Rfxd8 20. Nb5 Nc6
21. g4 Be4 22. Kh2 Be5 23. Bxe5 Nxe5 24. Rfd1 Rd7 25. Nd4 Nc4 26. f3 Ne3 27.
Re1 e5 28. Ba6 Rb8 29. Nb3 Bxf3 30. Rxe3 e4 31. c6 Rc7 32. Bb7 f5 33. gxf5 gxf5
34. Rg1+ Kf7 35. Nd4 f4 36. Rb3 Kf6 37. Nxf3 exf3 38. Rxf3 Ke5 39. Re1+ Kf5 40.
Ref1 1-0

[Event "European Youth Chess Championship G18"]
[Site "Prague, Top Hotel Prague"]
[Date "2012.08.23"]
[Round "7.13"]
[White "Kaliadzich, Maryia"]
[Black "Perera Borrego, Mariela"]
[Result "1-0"]
[WhiteElo "1915"]
[BlackElo "2066"]
[PlyCount "131"]
[EventDate "2012.08.17"]

1. Nf3 d6 2. d4 Bg4 3. e3 Nf6 4. Be2 e6 5. c4 Be7 6. Qb3 Qc8 7. Nc3 O-O 8. h3
Bh5 9. O-O c6 10. e4 Nbd7 11. e5 dxe5 12. Nxe5 Bxe2 13. Nxe2 c5 14. Nxd7 Qxd7
15. Be3 cxd4 16. Bxd4 Rfc8 17. Rfd1 Qc6 18. Rac1 b6 19. Qe3 Bc5 20. a3 e5 21.
Bxc5 Qxc5 22. Qd3 Qe7 23. Qe3 Rd8 24. Re1 Qd6 25. Ng3 Qd2 26. b4 Qxe3 27. Rxe3
Re8 28. c5 bxc5 29. Rxc5 Nd7 30. Rd5 Nb6 31. Rdxe5 Rxe5 32. Rxe5 Nc4 33. Re7
Nxa3 34. Nf5 Nb5 35. Rb7 a6 36. Kf1 h6 37. Ne7+ Kh7 38. Nc6 Rc8 39. Rb6 Nc7 40.
g3 g6 41. Rb7 Ne6 42. Ne5 Nd8 43. Ra7 Rc1+ 44. Kg2 Kg7 45. Rxa6 Rb1 46. Rb6 Kf8
47. g4 Ke7 48. b5 Rb3 49. h4 g5 50. h5 Rb1 51. Nc6+ Nxc6 52. Rb7+ Ke6 53. bxc6
Rc1 54. c7 f6 55. Kf3 Ke5 56. Kg3 Rg1+ 57. Kf3 Rc1 58. Ke3 Rc3+ 59. Kd2 Rc6 60.
Kd3 Kf4 61. Rb4+ Kf3 62. Rc4 Rxc7 63. Rxc7 Kxg4 64. Rc6 Kxh5 65. Rxf6 g4 66.
Ke2 1-0

[Event "European Youth Chess Championship G18"]
[Site "Prague, Top Hotel Prague"]
[Date "2012.08.23"]
[Round "7.14"]
[White "Azimova, Karina"]
[Black "Corotcova, Anastasia"]
[Result "1-0"]
[WhiteElo "2050"]
[BlackElo "1655"]
[PlyCount "71"]
[EventDate "2012.08.17"]

1. e4 c6 2. d4 d5 3. exd5 cxd5 4. c4 Nf6 5. Nc3 Nc6 6. Bg5 dxc4 7. d5 Na5 8.
Bxc4 Nxc4 9. Qa4+ Bd7 10. Qxc4 Rc8 11. Qb3 Qa5 12. Bd2 Qa6 13. Nge2 e6 14. dxe6
Bxe6 15. Qb5+ Qxb5 16. Nxb5 Bc5 17. b4 a6 18. bxc5 axb5 19. Be3 O-O 20. Nd4 Bc4
21. Nf5 Nd5 22. Bd4 Rce8+ 23. Kd1 Re2 24. Nd6 Bd3 25. Re1 Rxe1+ 26. Kxe1 Nb4
27. Kd2 Bg6 28. Kc3 Nc2 29. Rd1 b4+ 30. Kc4 Rd8 31. Nxb7 Rd7 32. c6 Rc7 33. Bc5
f6 34. Rd8+ Kf7 35. Rd7+ Rxd7 36. cxd7 1-0

[Event "European Youth Chess Championship G18"]
[Site "Prague, Top Hotel Prague"]
[Date "2012.08.23"]
[Round "7.15"]
[White "Drakaki, Anna-Maria"]
[Black "Tran, My Linh"]
[Result "1-0"]
[WhiteElo "1827"]
[BlackElo "2031"]
[PlyCount "85"]
[EventDate "2012.08.17"]

1. e4 e5 2. Nf3 Nc6 3. Bb5 g6 4. c3 a6 5. Ba4 Bg7 6. O-O Nge7 7. d4 exd4 8.
cxd4 b5 9. Bb3 d6 10. h3 O-O 11. Nc3 Na5 12. Bc2 c5 13. Bg5 h6 14. Bh4 Qc7 15.
dxc5 dxc5 16. Bg3 Qb6 17. Qd6 Qxd6 18. Bxd6 Re8 19. Bxc5 Nc4 20. e5 Bf5 21. Bb3
Nxe5 22. Nxe5 Bxe5 23. Rfe1 Bf6 24. g4 Bd3 25. Rad1 Bc4 26. Ne4 Bxb2 27. Nd6
Bxb3 28. axb3 Bf6 29. Nxe8 Rxe8 30. Rd7 Kf8 31. Ra7 Bh4 32. Re2 Bf6 33. Rxa6
Rc8 34. b4 Bh4 35. Ra7 Rxc5 36. bxc5 Nc6 37. Rb7 Nd4 38. Re4 Bf6 39. Rb8+ Kg7
40. Rxd4 Bxd4 41. c6 Be5 42. Rxb5 Kf6 43. Rxe5 1-0